Chanteurs anglophones par photo - Statistiques

Statistiques générales
  • Ce quiz a été pris 4 040 fois
  • Le résultat moyen est 18 sur 24
Statistiques - réponses
Par images Réponse % Correct
Ariana Grande
98%
Rihanna
98%
Michael Jackson
94%
Shakira
93%
Justin Bieber
92%
Taylor Swift
92%
Bruno Mars
91%
Beyonce
90%
Ed Sheeran
89%
Selena Gomez
89%
Elvis Presley
83%
The Weeknd
82%
Billie Eilish
80%
Dua Lipa
80%
Lady Gaga
78%
Mariah Carey
72%
Jennifer Lopez
70%
Madonna
66%
Pitbull
61%
Adam Levine (Maroon 5)
57%
Chris Brown
51%
Prince
44%
Ray Charles
41%
Flo Rida
30%
Aucun quiz correspondant
Distribution des résultats
% des personnes avec chaque résultat
Percentile par nombre de réponses
Votre historique - résultats
Vous n’avez pas pris ce quiz